000 00281nam a22001217a 4500
008 170919b xxu||||| |||| 00| 0 eng d
041 _aeng
080 _a7
100 _a44
101 _aART
245 _aDOUGLAS TILDEN: PORTRAIT OF A DEAF SCULPTOR
_cALBRONDA,M
942 _2udc
_cBK
999 _c28258
_d28258